Výstavba jednotné odborné ekonomické terminologie.

Namiesto výučby troch súčastí marxizmu-leninizmu nastupujú na vysoké školy moderné ekonomické disciplíny ako macroeconomics, microeconomics, corporate finance, public choice a i., vyučované štandardne na západných univerzitách. Nedostatkom vo výučbe odpovedá neutešený stav v terminológii. Nevyhnutno...

Descrizione completa

Salvato in:
Dettagli Bibliografici
Autore principale: Dědek, Oldřich
Natura: Capitolo di libro
Lingua:ceco
Soggetti:
Tags: Aggiungi Tag
Nessun Tag, puoi essere il primo ad aggiungerne!!

MARC

LEADER 00000naa a2200000 4500
001 r007461
005 20230221123142.6
041 0 |a cze 
044 |a [CS] 
245 1 0 |a Výstavba jednotné odborné ekonomické terminologie.  |c Oldřich Dědek 
520 |a Namiesto výučby troch súčastí marxizmu-leninizmu nastupujú na vysoké školy moderné ekonomické disciplíny ako macroeconomics, microeconomics, corporate finance, public choice a i., vyučované štandardne na západných univerzitách. Nedostatkom vo výučbe odpovedá neutešený stav v terminológii. Nevyhnutnosť zjednotenia a vypracovania odbornej ekonomickej terminológie. Náčrt základných princípov, okolo ktorých by sa mohli jednotiace práce organizovať. 
610 2 0 |a vyučovanie 
610 2 0 |a školy vysoké 
610 2 0 |a veda ekonomická 
610 2 0 |a terminológia 
610 2 0 |a odbory učebné 
100 1 |a Dědek, Oldřich